000 00827nam a2200253Ia 4500
001 AUWbook001727
003 BDCtgAUW
005 20260406155100.0
008 220908s9999 xx 000 0 eng d
040 _aBDCtgAUW
_cBDCtgAUW
100 1 _aStatler, Oliver.
245 0 _aThe black ship scroll :
_ban account of the perry expedition at shimoda in 1854 and the lively beginnings of people-to-people relations between japan and america. based on contemporary records, with translations by richard lane, and scroll paintings in f /
250 _aSecond edition.
260 _aTokyo :
_bJohn Weatherhill,
300 _a80 pages.
650 0 _aHistory.
651 0 _aJapan.
_979863
651 0 _aJapan
_xHistory.
_979864
887 _a BRAC
_22982
888 _22982
942 _cBK
945 _cBK
999 _c17498
_d17498